000 00599nam a22002297a 4500
003 UA-OsUOA
001 92657
007 ta
008 20121221b un ||||| |||| 00| 0 ukr d
100 _aБондарев Ю.
090 _a821.161.2
_bБ81
942 _cBK
040 _aUA-OsUOA
_brus
_cUA-OsUOA
_dUA-OsUOA
245 _aГорячий снег
_bроман
300 _a348 с.
955 _a3
041 _arus
080 _a821.161.2
260 _aХарьков
_bПрапор
_c1988
650 7 _a82 Література. Літературознавство
_2UDC
999 _c378943
_d378943